000 00958nam a2200229 i 4500
001 114496
003 ES-MaACL
005 20230906190154.0
007 t|
008 070305s1933 sp c |||| | spa d
080 _a821.133.1 Godoy, Armand 1.07
100 1 _aDeambrosis Martins, Carlos.
_943091
245 1 3 _aLa poesía de Armando Godoy
_b: (conferencia dictada en la Sorbona, Universidad de París, el 26 de noviembre de 1932) /
_cCarlos Deambrosis Martins ; con una introducción de Jean Royere, El musiciscmo en la Sorbona ; acompañada de dos crónicas sobre este acto por Francis de Miomandre y Adolphe de Falgairolle.
260 _aMadrid :
_bIberia,
_c[1933]
300 _a55 p. :
_b1 retr. ;
_c19 cm.
600 1 4 _aGodoy, Armand.
_9162945
700 1 _aRoyere, Jean.
_9100217
700 1 _aMiomandre, Francis de.
_981399
700 1 _aFalgairolle, Adolphe.
_948734
740 3 2 _aEl musicismo en la Sorbona.
852 _aES-MaACL
_j1775-F-22
999 _c114496
_d114496